000 01519nam a22003613i 4500
001 EBC7018687
003 MiAaPQ
005 20250210105244.0
007 cr cnu||||||||
008 250210s2022 xx o ||||0 eng d
020 _a9781803271071
_q(electronic bk.)
020 _z9781803271064
040 _aMiAaPQ
_beng
_cMiAaPQ
100 1 _ade Zeeuw, Hans.
_965693
245 1 4 _aThe Ottoman Tanbûr :
_bThe Long-Necked Lute of Ottoman Art Music.
250 _a1st ed.
264 1 _aOxford :
_bArchaeopress,
_c2022.
264 4 _c{copy}2022.
300 _a1 online resource (168 pages)
336 _aText
_btxt
_2rdacontent
337 _aComputermedien
_bc
_2rdamedia
338 _aOnline Resource
_bcr
_2rdacarrier
500 _aE-Book-ProQuest / Fernzugriff nach Registrierung möglich
520 _aTanbûrs are long-necked lute-like instruments played in the art, Sûfî, and folk musical traditions along the Silk Road and beyond. This book provides a detailed study of the history of the tanbûr, its role in Ottoman music, construction and playing technique.
653 _aFolk music-Turkey-History and criticism.
655 _aFernzugriff
_9230
655 4 _aElectronic books.
776 0 8 _iPrint version:
_ade Zeeuw, Hans
_tThe Ottoman Tanbûr
_dOxford : Archaeopress,c2022
_z9781803271064
856 4 0 _uhttps://ebookcentral.proquest.com/lib/maxweberstiftung-ebooks/detail.action?docID=7018687
_zVolltext
942 _cEB
999 _c72124
_d72124